000 00250nam a2200109 4500
999 _c8263
_d8263
003 OSt
005 20201008160347.0
008 201008b ||||| |||| 00| 0 eng d
082 _a724.91
_bPOR
245 _aBuilding and Rational Architecture
942 _2ddc